| 000 | 00709nam a22002057a 4500 | ||
|---|---|---|---|
| 003 | OSt | ||
| 005 | 20260128092742.0 | ||
| 008 | 210813b ||||| |||| 00| 0 eng d | ||
| 040 | _cOSt | ||
| 041 | _ashan | ||
| 082 | _a491.375 | ||
| 245 | _aၵၸ်ႉၸႃႇယၼသတ်ႉတႃႇ | ||
| 260 |
_a[ဢမ်ႇပႃးဝဵင်း] _b[ဢမ်ႇပႃးတီႈ] _c2008 |
||
| 300 |
_a491 ၼႃႈ _c22 ၸိၼ်ႇထီႇ |
||
| 500 | _a S-SAT: Dr. Prof Sai Aung Tun | ||
| 650 |
_aပႃႇလိသတ်ႉတႃႇ _926671 |
||
| 710 |
_aၸဝ်ႈသြႃႇၵဝိၼ်ႇတ (ၼမ်ႉၶမ်း) ပိၼ်ႇတႅမ်ႈ- _965806 |
||
| 942 | _cBK | ||
| 942 | _2ddc | ||
| 999 |
_c6210 _d6210 |
||